|
|
|
|
| LEADER |
01536nam a22003734a 4500 |
| 001 |
35612 |
| 003 |
BD-DhAAL |
| 005 |
20211201105220.0 |
| 008 |
191113r20062002enka b 001 0 eng d |
| 999 |
|
|
|c 41808
|d 41808
|
| 010 |
|
|
|a 2002104048
|
| 020 |
|
|
|a 0761947922
|
| 020 |
|
|
|a 9780761947929
|
| 035 |
|
|
|a (DLC) 2002104048
|
| 040 |
|
|
|a DLC
|c DLC
|d DLC
|d BD-DhAAL
|
| 042 |
|
|
|a pcc
|
| 050 |
0 |
0 |
|a LB2805
|b .P917 2002
|
| 082 |
|
|
|a 371.2
|2 21
|
| 245 |
0 |
4 |
|a The principles and practice of educational management /
|c edited by Tony Bush and Les Bell.
|
| 260 |
|
|
|a London :
|b Paul Chapman Publishing ;
|a Thousand Oaks, Calif.
|b Sage Publications,
|c c2002 [reprinted 2006]
|
| 300 |
|
|
|a 332 pages :
|b illustrations ;
|c 25 cm.
|
| 440 |
|
0 |
|a Educational management, research and practice
|9 37077
|
| 500 |
|
|
|a Sequel to: The principles of educational management. 1994.
|
| 504 |
|
|
|a Includes bibliographical references and indexes.
|
| 526 |
|
|
|a BIED
|
| 541 |
|
|
|a Complimentary copy from BIED
|e 35612
|
| 650 |
|
0 |
|a School management and organization.
|9 37078
|
| 650 |
|
0 |
|a Educational leadership.
|9 37079
|
| 700 |
1 |
|
|a Bush, Tony.
|9 37080
|
| 700 |
1 |
|
|a Bell, Les,
|d 1942-
|9 37081
|
| 700 |
1 |
|
|a Bush, Tony.
|t Principles of educational management.
|9 37082
|
| 852 |
|
|
|a Ayesha Abed Library
|c BIED Collection
|
| 942 |
|
|
|2 ddc
|c BK
|
| 952 |
|
|
|0 0
|1 0
|2 ddc
|4 0
|6 371_200000000000000_PRI
|7 0
|9 67120
|a BRACUL
|b BRACUL
|c GEN
|d 2019-11-13
|e Complimentary copy from BIED
|l 0
|o 371.2 PRI
|p 3010035612
|r 2019-11-13
|t 1
|w 2019-11-13
|y BK
|x Transferred from BIED to General Stacks
|